LEADER 01441cam0-22003731i-450- 001 990004713760403321 005 20121119132251.0 035 $a000471376 035 $aFED01000471376 035 $a(Aleph)000471376FED01 035 $a000471376 100 $a19990604e19671904km-y0itay50------ba 101 0 $alat 102 $aDE 105 $af-------001yy 200 1 $aDefixionum tabellae$equotquot innotuerunt tam in Graecis orientis quam in totius occidentis partibus praeter Atticas in corpore inscriptionum Atticarum editas$fcollegit, digessit, commentario instruxit ... Augustus Audollent 205 $aUnveranderter Nachdruck 210 $aFrankfurt / Main$cMinerva GmbH$d1967 215 $aCXXVIII, 568 p.$c1 tav. rip.$d23 cm 307 $aRilegato con copertina rigida telata 324 $aRipr. dell'ed. Luteciae Parisiorum : in aedibus A. Fontemoing, 1904 610 0 $aEpigrafia greca 610 0 $aTabellae devotionum sive defixionum 676 $a481.1$v19$zita 700 1$aAudollent,$bAuguste$0194670 801 0$aIT$bUNINA$gRICA$2UNIMARC 901 $aBK 912 $a990004713760403321 952 $aP2B-100-AUDOLLENT A.-1967$bIst.Fil.cl. 2022$fFLFBC$mBRAU-25100 952 $aP2B-100-AUDOLLENT A.-1967 bis$bBibl. 42272$fFLFBC$mBRAU-25101 952 $aP2B-100-AUDOLLENT A.-1967 ter$bIst.St.Ant.gr.rom. 1437$fFLFBC$mBRAU-28984 959 $aFLFBC 996 $aDefixionum tabellae$9557308 997 $aUNINA LEADER 02378nam0 22005653i 450 001 VAN00277674 005 20260129090613.499 017 70$2N$a9783031020704 100 $a20240611d2022 |0itac50 ba 101 $aeng 102 $aCH 105 $a|||| ||||| 181 $ai$b e 182 $ab 183 $acr 200 1 $aIntroduction to Geometric Control$fYuri Sachkov 210 $aCham$cSpringer$d2022 215 $avi, 162 p.$cill.$d24 cm 300 $aTradotto dal russo 410 1$1001VAN00067197$12001 $aSpringer optimization and its applications$1210 $aBerlin [etc.]$cSpringer$d2006-$v192 500 1$3VAN00277676$aGeometricheskaya teoriya upravleniya$94164625 606 $a49-XX$xCalculus of variations and optimal control; optimization [MSC 2020]$3VANC019757$2MF 606 $a49K15$xOptimality conditions for problems involving ordinary differential equations [MSC 2020]$3VANC024589$2MF 606 $a53C17$xSub-Riemannian geometry [MSC 2020]$3VANC026654$2MF 606 $a93-XX$xSystems theory; control [MSC 2020]$3VANC027040$2MF 610 $aControllability problem$9KW:K 610 $aCourse geometric control$9KW:K 610 $aDido problem$9KW:K 610 $aFrobenius theorem$9KW:K 610 $aGeometric control theory$9KW:K 610 $aKalman controllability$9KW:K 610 $aOptimal control on Lie groups$9KW:K 610 $aOptimal control problem$9KW:K 610 $aOrbit Theory$9KW:K 610 $aOxherding picture$9KW:K 610 $aPontryagin Maximum Principle$9KW:K 610 $aSmooth manifolds$9KW:K 610 $aSub-Riemannian$9KW:K 610 $aText geometric control$9KW:K 620 $aCH$dCham$3VANL001889 700 1$aSachkov$bYuri$3VANV230178$01250292 712 $aSpringer $3VANV108073$4650 801 $aIT$bSOL$c20260130$gRICA 856 4 $uhttps://doi.org/10.1007/978-3-031-02070-4$zE-book ? Accesso al full-text attraverso riconoscimento IP di Ateneo, proxy e/o Shibboleth 899 $aBIBLIOTECA DEL DIPARTIMENTO DI MATEMATICA E FISICA$1IT-CE0120$2VAN08 912 $fN 912 $aVAN00277674 950 $aBIBLIOTECA DEL DIPARTIMENTO DI MATEMATICA E FISICA$d08DLOAD e-Book 8773 $e08eMF8773 20240618 996 $aGeometricheskaya teoriya upravleniya$94164625 997 $aUNICAMPANIA